Statistics for Ed Sheeran: Most streamed songs

Click here to take the quiz!

General Stats

  • This quiz has been taken 62 times
    (29 since last reset)
  • The average score is 21 of 50

Answer Stats

StreamsSongAlbum% Correct
1.88 bnPerfect÷
96%
2.97 bnShape Of You÷
96%
628 milBad Habits=
81%
704 milThe A-Team+
81%
384 milLego House+
78%
0.60 bnDon'tX
74%
205 milShivers=
74%
1.42 bnI Don't Care (with Justin BieberNo. 6
70%
1.72 bnPhotographX
70%
1.87 bnThinking Out LoudX
70%
1.00 bnCastle On The Hill÷
67%
0.99 bnGalway Girl÷
63%
411 milGive Me Love+
63%
0.45 bnSingX
63%
1.08 bnBeautiful People (feat. Khalid)No. 6
59%
543 milSouth Of The Border (feat Camila Cabello & Cardi B)No. 6
59%
0.51 bnSupermarket Flowers÷
56%
192 milSmall Bump+
48%
63 milVisiting Hours=
48%
0.52 bnDive÷
44%
0.99 bnHappier÷
44%
0.80 bnI See FireX
44%
The Joker And The Queen=
41%
0.25 bnBloodstreamX
37%
200 milDrunk+
37%
Overpass Grafitti=
37%
0.50 bnTenerife SeaX
37%
0.23 bnOneX
33%
2Step=
30%
Tides=
30%
263 milAfterglowSingle Release
26%
0.28 bnI'm A MessX
26%
Sandman=
26%
162 milTake Me Back To London (feat Stormzy)No. 6
26%
First Times=
22%
Leave Your Life=
22%
210 milAntisocial (with Travis Scott)No. 6
19%
Be Right Now=
19%
Collide=
19%
331 milCross Me (feat. Chance the Rapper & PnB Rock)No. 6
19%
Love In Slow Motion=
19%
666 milRiver (Eminem)w/Eminem
19%
198 milBest Part Of Me (feat. YEBBA)No. 6
15%
362 milKiss Me+
15%
267 milEnd Game (Taylor Swift (feat. Future))w/Taylor Swift
11%
0.37 bnLay It All On Me (feat. Rudimental)X
11%
362 milLay It All On Me (Rudimental)w/Rudimental
11%
169 milRemember The Name (feat. Eminem & 50 Cent)No. 6
11%
Stop The Rain=
11%
243 milOwn It (Stormzy (feat. Burna Boy))w/Stormzy
4%

Score Distribution

Percentile by Number Answered

Percent of People with Each Score

Your Score History

You have not taken this quiz since the last reset